• 首页
  • 本馆介绍
  • 公告通知
  • 最新文献
  • 馆藏检索
  • 电子资源
  • 读者导购
  • 参考咨询
  • 我的图书馆
  • 登录
  • 详细信息显示
  • 放入我的书架
  • 预约/预借图书
  • 作者相关作品
  • 分类相关作品
  • 丛书相关作品
  • 出版社相关作品

书目信息

  • 表格格式
  • 工作单格式
  • 卡片格式
题名:
绘画与手工
    
 
作者: 吕相斌 编著
分册: 1  
出版信息: 石家庄   方圆电子音像出版社  2019.06
页数: 83页
开本: 26cm
丛书名:
单 册:
中图分类: G764
科图分类:
主题词: 美术课--mei shu ke--弱智儿童--儿童教育--教材 , 手工课--shou gong ke--弱智儿童--儿童教育--教材
电子资源:
ISBN: 978-7-83011-193-9
000 00826nam0 2200241 450
001 0105143333
005 20201105165129.09
010    @a978-7-83011-193-9@b精装@dCNY49.00
100    @a20190211d2019 em y0chiy0110 ea
101 0  @achi
102    @aCN@b130000
105    @ay z 000yy
106    @ar
200 1  @a绘画与手工@Ahui hua yu shou gong@h1@f吕相斌编著
210    @a石家庄@c方圆电子音像出版社@d2019.06
215    @a83页@d26cm
330    @a该书在技能、技法的训练方面以绘画为主,主要通过涂鸦、颜色认知、虚线连画、添画、简单涂色、手印画等形式激发孩子的绘画兴趣。
606 0  @a美术课@Amei shu ke@x弱智儿童@x儿童教育@j教材
606 0  @a手工课@Ashou gong ke@x弱智儿童@x儿童教育@j教材
690    @aG764@v5
701  0 @a吕相斌@Alv xiang bin@4编著
801  0 @aCN@bBJSZM@c20201105
905    @b1262982-4@dG764@e169:1@f3
    
    绘画与手工.1/吕相斌编著.-石家庄:方圆电子音像出版社,2019.06
    83页;26cm
    
    
    ISBN 978-7-83011-193-9(精装):CNY49.00
    该书在技能、技法的训练方面以绘画为主,主要通过涂鸦、颜色认知、虚线连画、添画、简单涂色、手印画等形式激发孩子的绘画兴趣。
●
相关链接 在E读中查询图书 在五车中查询图书 在当当中查询图书 在豆瓣中查询图书


正题名:绘画与手工     索取号:G764/169:1         预约/预借

序号 登录号 条形码 馆藏地/架位号 状态 备注
1 1262982   212629823   第一样本阅览室/ [索取号:G764/169:1] 在馆    
2 1262983   212629832   第四借阅区/ [索取号:G764/169:1] 在馆    
3 1262984   212629841   第四借阅区/ [索取号:G764/169:1] 在馆    
唐山师范学院图书馆 欢迎您!
大连网信软件有限公司© 版权所有